000 00684nam a22002537a 4500
003 UA-OsUOA
001 24374
007 ta
008 20040216b un ||||| |||| 00| 0 ukr d
090 _a82(091)(477)(075.8)
_bІ907
942 _cBK
040 _aUA-OsUOA
_bukr
_cUA-OsUOA
_dUA-OsUOA
245 _aІсторія української літератури 20 століття
300 _a782 с.
955 _a0
041 _aukr
080 _a82(091)(477)(075.8)
020 _a5-325-00430-1
260 _aК.
_bЛибідь
_c1993
246 3 1 _a1
_n
044 _aUS
650 7 _a82 Література. Літературознавство
_2UDC
999 _c310645
_d310645